Digitální hysterie, nebo logi(sti)cká evoluce?
Spracovanie a distribúcia dokumentov, ktoré súvisia s medzinárodnou prepravou predstavujú 10 až 20 percent transakčných nákladov. Pre zvyšovanie efektívnosti a konkurencieschopnosti intermodálnej prepravy v rámci postupnej digitalizácie ekonomiky je potrebné znižovať náklady ako aj obeh dokumentov m...
Enregistré dans:
| Auteur principal: | |
|---|---|
| Format: | Chapitre de livre |
| Langue: | tchèque |
| Sujets: | |
| Tags: |
Pas de tags, Soyez le premier à ajouter un tag!
|
MARC
| LEADER | 00000naa a2200000 4500 | ||
|---|---|---|---|
| 001 | 0245620 | ||
| 005 | 20180620110221.0 | ||
| 041 | 0 | |a cze | |
| 044 | |a CZ | ||
| 245 | 1 | 0 | |a Digitální hysterie, nebo logi(sti)cká evoluce? |c Petr Kolář |
| 520 | |a Spracovanie a distribúcia dokumentov, ktoré súvisia s medzinárodnou prepravou predstavujú 10 až 20 percent transakčných nákladov. Pre zvyšovanie efektívnosti a konkurencieschopnosti intermodálnej prepravy v rámci postupnej digitalizácie ekonomiky je potrebné znižovať náklady ako aj obeh dokumentov medzi dopravcami, výrobcami, distribútormi a pod. Technológia decentralizovanej správy a distribúcie dát označovaná ako blockchain túto efektivitu prináša. Blockchain má však aj úskalia - ktoré sú to. | ||
| 610 | 2 | 0 | |a doprava nákladná |
| 610 | 2 | 0 | |a doprava lodná |
| 610 | 2 | 0 | |a doprava medzinárodná |
| 610 | 2 | 0 | |a dokumenty |
| 610 | 2 | 0 | |a báza dát |
| 610 | 2 | 0 | |a náklady transakčné |
| 610 | 2 | 0 | |a efektívnosť |
| 610 | 2 | 0 | |a digitalizácia |
| 610 | 2 | 0 | |a kontrola |
| 100 | 1 | |a Kolář, Petr | |